<?xml version="1.0" encoding="UTF-8"?><?xml-stylesheet type="text/xsl" href="static/style.xsl"?><OAI-PMH xmlns="http://www.openarchives.org/OAI/2.0/" xmlns:xsi="http://www.w3.org/2001/XMLSchema-instance" xsi:schemaLocation="http://www.openarchives.org/OAI/2.0/ http://www.openarchives.org/OAI/2.0/OAI-PMH.xsd"><responseDate>2026-04-17T06:01:46Z</responseDate><request verb="GetRecord" identifier="oai:www.recercat.cat:2117/187846" metadataPrefix="marc">https://recercat.cat/oai/request</request><GetRecord><record><header><identifier>oai:recercat.cat:2117/187846</identifier><datestamp>2025-07-16T22:26:45Z</datestamp><setSpec>com_2072_1033</setSpec><setSpec>col_2072_452949</setSpec></header><metadata><record xmlns="http://www.loc.gov/MARC21/slim" xmlns:dcterms="http://purl.org/dc/terms/" xmlns:xsi="http://www.w3.org/2001/XMLSchema-instance" xmlns:doc="http://www.lyncode.com/xoai" xsi:schemaLocation="http://www.loc.gov/MARC21/slim http://www.loc.gov/standards/marcxml/schema/MARC21slim.xsd">
   <leader>00925njm 22002777a 4500</leader>
   <datafield ind2=" " ind1=" " tag="042">
      <subfield code="a">dc</subfield>
   </datafield>
   <datafield ind2=" " ind1=" " tag="720">
      <subfield code="a">Peters, Bernhard</subfield>
      <subfield code="e">author</subfield>
   </datafield>
   <datafield ind2=" " ind1=" " tag="720">
      <subfield code="a">Michael, Mark</subfield>
      <subfield code="e">author</subfield>
   </datafield>
   <datafield ind2=" " ind1=" " tag="720">
      <subfield code="a">Nicot, François</subfield>
      <subfield code="e">author</subfield>
   </datafield>
   <datafield ind2=" " ind1=" " tag="260">
      <subfield code="c">2015</subfield>
   </datafield>
   <datafield ind2=" " ind1=" " tag="520">
      <subfield code="a">Snow is composed of small ice particles and, therefore, behaves as a granular material with a variety of sizes and shapes. Understanding the mechanical behaviour of snow is important in areas such as natural hazards e.g. snow avalanches, or traction characteristics of tires with a snow covered road. Therefore, the objective of the current contribution is to present an advanced discrete approach to predict the elastic-plastic behaviour of snow. For this purpose, snow is described by a ﬁnite number of discrete ice grains similar to the Discrete-Element Method (DEM) with ice bonds as a link between individual grains and including a creep law for ice. Bonds may rupture under excessive load or may be formed during a contact between ice grains. Hence, the integral behaviour of snow is represented by the combined properties of impact and bonds depending on strain rate, density and temperature. The collision model is based on the linear hysteretic model developed by Walton and Braun [], which accounts for the eﬀect of plasticity. For this behaviour the impact between grains is distinguished into a loading and detaching phase represented by a loading and unloading stiﬀness constant. Additionally, friction behaviour into the tangential direction at the point of impact and dissipation i.e. coeﬃcient of restitution is taken into account. A bond between two ice grains is represented by a cylinder that is allowed to undergo tension, shear, torsion about its axis and bending. These translational and rotational displacements of a bonding cylinder lead to appropriate strains that yield corresponding stresses with a constitutive model including Youngs modulus E and the Poisson ratio ν. The stresses acting on a bond are converted to forces and moments that determine in conjunction with Newtons 2nd law the kinematics of the ice grains and the overall mechanical behaviour of the ensemble.</subfield>
   </datafield>
   <datafield tag="653" ind2=" " ind1=" ">
      <subfield code="a">Finite element method</subfield>
   </datafield>
   <datafield tag="653" ind2=" " ind1=" ">
      <subfield code="a">Computational methods in mechanics</subfield>
   </datafield>
   <datafield tag="653" ind2=" " ind1=" ">
      <subfield code="a">Particle methods (Numerical analysis)</subfield>
   </datafield>
   <datafield tag="653" ind2=" " ind1=" ">
      <subfield code="a">Extended Discrete Element Method (XDEM), snow, britte/ductile deformation</subfield>
   </datafield>
   <datafield tag="653" ind2=" " ind1=" ">
      <subfield code="a">Elements finits, Mètode dels</subfield>
   </datafield>
   <datafield ind2="0" ind1="0" tag="245">
      <subfield code="a">A discrete approach to describe the elastic-plastic behaviour of snow</subfield>
   </datafield>
</record></metadata></record></GetRecord></OAI-PMH>